<?xml version="1.0" encoding="UTF-8"?><?xml-stylesheet type="text/xsl" href="static/style.xsl"?><OAI-PMH xmlns="http://www.openarchives.org/OAI/2.0/" xmlns:xsi="http://www.w3.org/2001/XMLSchema-instance" xsi:schemaLocation="http://www.openarchives.org/OAI/2.0/ http://www.openarchives.org/OAI/2.0/OAI-PMH.xsd"><responseDate>2026-04-13T02:20:38Z</responseDate><request verb="GetRecord" identifier="oai:www.recercat.cat:11351/5126" metadataPrefix="marc">https://recercat.cat/oai/request</request><GetRecord><record><header><identifier>oai:recercat.cat:11351/5126</identifier><datestamp>2025-10-24T10:40:57Z</datestamp><setSpec>com_2072_378070</setSpec><setSpec>com_2072_378040</setSpec><setSpec>col_2072_378092</setSpec></header><metadata><record xmlns="http://www.loc.gov/MARC21/slim" xmlns:dcterms="http://purl.org/dc/terms/" xmlns:xsi="http://www.w3.org/2001/XMLSchema-instance" xmlns:doc="http://www.lyncode.com/xoai" xsi:schemaLocation="http://www.loc.gov/MARC21/slim http://www.loc.gov/standards/marcxml/schema/MARC21slim.xsd">
   <leader>00925njm 22002777a 4500</leader>
   <datafield ind2=" " ind1=" " tag="042">
      <subfield code="a">dc</subfield>
   </datafield>
   <datafield ind2=" " ind1=" " tag="720">
      <subfield code="a">Lamas, Cristina</subfield>
      <subfield code="e">author</subfield>
   </datafield>
   <datafield ind2=" " ind1=" " tag="720">
      <subfield code="a">Navarro, Elena</subfield>
      <subfield code="e">author</subfield>
   </datafield>
   <datafield ind2=" " ind1=" " tag="720">
      <subfield code="a">Casteras Román, Anna</subfield>
      <subfield code="e">author</subfield>
   </datafield>
   <datafield ind2=" " ind1=" " tag="720">
      <subfield code="a">Portillo, Paloma</subfield>
      <subfield code="e">author</subfield>
   </datafield>
   <datafield ind2=" " ind1=" " tag="720">
      <subfield code="a">Calatayud, María</subfield>
      <subfield code="e">author</subfield>
   </datafield>
   <datafield ind2=" " ind1=" " tag="720">
      <subfield code="a">Mesa Manteca, Jordi</subfield>
      <subfield code="e">author</subfield>
   </datafield>
   <datafield ind2=" " ind1=" " tag="720">
      <subfield code="a">Alcázar, Victoria</subfield>
      <subfield code="e">author</subfield>
   </datafield>
   <datafield ind2=" " ind1=" " tag="260">
      <subfield code="c">2020-07-31T12:20:43Z</subfield>
   </datafield>
   <datafield ind2=" " ind1=" " tag="260">
      <subfield code="c">2020-07-31T12:20:43Z</subfield>
   </datafield>
   <datafield ind2=" " ind1=" " tag="260">
      <subfield code="c">2019-10-01</subfield>
   </datafield>
   <datafield ind2=" " ind1=" " tag="520">
      <subfield code="a">Multiple endocrine neoplasia type 1; MEN1 gene; Primary hyperparathyroidism</subfield>
   </datafield>
   <datafield ind2=" " ind1=" " tag="520">
      <subfield code="a">Neoplasia endocrina múltiple tipo 1; Gen MEN1; Hiperparatiroidismo primario</subfield>
   </datafield>
   <datafield ind2=" " ind1=" " tag="520">
      <subfield code="a">Neoplàsia endocrina múltiple tipus 1; Gen MEN1; Hiperparatiroidisme primari</subfield>
   </datafield>
   <datafield ind2=" " ind1=" " tag="520">
      <subfield code="a">Primary hyperparathyroidism is the most frequent manifestation of multiple endocrine neoplasia type 1 (MEN1) syndrome. Bone and renal complications are common. Surgery is the treatment of choice, but the best timing for surgery is controversial and predictors of persistence and recurrence are not well known. Our study describes the clinical characteristics and the surgical outcomes, after surgery and in the long term, of the patients with MEN1 and primary hyperparathyroidism included in the Spanish Registry of Multiple Endocrine Neoplasia, Pheochromocytomas and Paragangliomas (REGMEN). Eighty-nine patients (49 men and 40 women, 34.2 ± 13 years old) were included. Sixty-four out of the 89 underwent surgery: a total parathyroidectomy was done in 13 patients, a subtotal parathyroidectomy in 34 and a less than subtotal parathyroidectomy in 15. Remission rates were higher after a total or a subtotal parathyroidectomy than after a less than subtotal (3/4 and 20/22 vs 7/12, P &lt; 0.05), without significant differences in permanent hypoparathyroidism (1/5, 9/23 and 0/11, N.S.). After a median follow-up of 111 months, 20 of the 41 operated patients with long-term follow-up had persistent or recurrent hyperparathyroidism. We did not find differences in disease-free survival rates between different techniques, patients with or without permanent hypoparathyroidism and patients with different mutated exons, but a second surgery was more frequent after a less than subtotal parathyroidectomy.</subfield>
   </datafield>
   <datafield ind2=" " ind1=" " tag="520">
      <subfield code="a">The Spanish Registry of Multiple Endocrine Neoplasia, Pheochromocytmas and Paragangliomas is supported by IPSEN Pharmaceutical. This work did not receive any other specific grant from any funding agency in the public, commercial or not-for-profit sector.</subfield>
   </datafield>
   <datafield ind1="8" ind2=" " tag="024">
      <subfield code="a">http://hdl.handle.net/11351/5126</subfield>
   </datafield>
   <datafield tag="653" ind2=" " ind1=" ">
      <subfield code="a">Tiroide - Càncer</subfield>
   </datafield>
   <datafield tag="653" ind2=" " ind1=" ">
      <subfield code="a">Paratiroïdectomia</subfield>
   </datafield>
   <datafield tag="653" ind2=" " ind1=" ">
      <subfield code="a">Prognosi</subfield>
   </datafield>
   <datafield tag="653" ind2=" " ind1=" ">
      <subfield code="a">DISEASES::Neoplasms::Neoplasms by Site::Endocrine Gland Neoplasms::Multiple Endocrine Neoplasia::Multiple Endocrine Neoplasia Type 1</subfield>
   </datafield>
   <datafield tag="653" ind2=" " ind1=" ">
      <subfield code="a">ANALYTICAL, DIAGNOSTIC AND THERAPEUTIC TECHNIQUES, AND EQUIPMENT::Surgical Procedures, Operative::Endocrine Surgical Procedures::Parathyroidectomy</subfield>
   </datafield>
   <datafield tag="653" ind2=" " ind1=" ">
      <subfield code="a">ANALYTICAL, DIAGNOSTIC AND THERAPEUTIC TECHNIQUES, AND EQUIPMENT::Diagnosis::Prognosis</subfield>
   </datafield>
   <datafield tag="653" ind2=" " ind1=" ">
      <subfield code="a">ENFERMEDADES::neoplasias::neoplasias::neoplasias primarias múltiples::neoplasia endocrina múltiple::neoplasias::neoplasia endocrina múltiple tipo 1</subfield>
   </datafield>
   <datafield tag="653" ind2=" " ind1=" ">
      <subfield code="a">TÉCNICAS Y EQUIPOS ANALÍTICOS, DIAGNÓSTICOS Y TERAPÉUTICOS::intervenciones quirúrgicas::procedimientos quirúrgicos endocrinos::paratiroidectomía</subfield>
   </datafield>
   <datafield tag="653" ind2=" " ind1=" ">
      <subfield code="a">TÉCNICAS Y EQUIPOS ANALÍTICOS, DIAGNÓSTICOS Y TERAPÉUTICOS::Diagnóstico::Pronóstico</subfield>
   </datafield>
   <datafield ind2="0" ind1="0" tag="245">
      <subfield code="a">MEN1-associated primary hyperparathyroidism in the spanish registry: clinical characterictics and surgical outcomes</subfield>
   </datafield>
</record></metadata></record></GetRecord></OAI-PMH>